Statistics for Regions of Slovakia

Click here to take the quiz!

General Stats

  • This quiz has been taken 217 times
  • The average score is 7 of 8

Answer Stats

Answer% Correct
Bratislava
100%
Košice
97%
Prešov
92%
Banská Bystrica
90%
Trnava
90%
Žilina
90%
Nitra
88%
Trenčín
86%

Score Distribution

Percentile by Number Answered

Percent of People with Each Score

Your Score History

You have not taken this quiz